| 000 | 00727nam a2200205 a 4500 | ||
|---|---|---|---|
| 005 | 20220607115239.0 | ||
| 008 | 991125s1975 mx 000 0 spa u | ||
| 035 | _aUPN01000001251 | ||
| 049 | _aCG | ||
| 050 | 4 |
_aHC138 L3 _bR4.2 |
|
| 100 | 1 |
_aRestrepo Fernández, Iván _943047 |
|
| 245 | 1 | 3 |
_aLa agricultura colectiva en México : _bla experiencia de La Laguna / _cpor Iván Restrepo y Salomón Eckstein. |
| 260 |
_aMéxico : _bSiglo XXI, _c1975. |
||
| 300 |
_a320 p. : _bgráfs., tablas |
||
| 440 | 0 | _aEconomía y demografía | |
| 650 | 4 |
_aAGRICULTURA - _xASPECTOS ECONOMICOS - _zLA LAGUNA, MEXICO _91867 |
|
| 650 | 2 |
_aAgricultura _xAspectos económicos _zMéxico _91868 |
|
| 700 | 1 |
_aEkstein, Salomón, _ecoaut. |
|
| 905 | _aLibro | ||
| 999 |
_c1251 _d1251 |
||